Country Flags by Wikipedia Description - Statistics

General Stats
  • This quiz has been taken 31 times
  • The average score is 8 of 15
Answer Stats
Hint Answer % Correct
The coat of arms is derived from an Aztec legend that their gods told them to build a city where they spot an eagle on a nopal eating a serpent. Mexico
88%
Defaced with a large white seven-pointed star (the Commonwealth Star) and a representation of the Southern Cross constellation. Australia
80%
The circle in the middle represents balance in the universe. The red half represents positive cosmic forces, and the blue half represents the opposing negative cosmic forces. South Korea
80%
The stripes represent the two main minorities: the orange representing the Tamils and the green representing Muslims. Sri Lanka
60%
It is one of only two square sovereign-state flags, the other being the flag of Switzerland. Vatican City
60%
The central focus of the flag is a Nguni shield and two spears, symbolizing protection from the country's enemies. Eswatini
56%
The stars, representing Europe, are meant to be infinite in number and thus they continue from top to bottom. Bosnia and Herzegovina
48%
The flag was banned by the Nazis in 1939, and a horizontal tricolour of white, red, and blue was enforced. The 1920 flag was restored in 1945. Czech Republic
44%
The colours stand for 3 of the elements that make up the island. Iceland
44%
Placed upon a green field is a symbolic representation of the country's famous carpet industry. Turkmenistan
44%
The triangles represent the Pitons, which are twin volcanic cones located in the southwest part of the island. Saint Lucia
40%
Officially adopted on 6 July 1964 when the colony of Nyasaland became independent from British rule and renamed itself. Malawi
36%
The national emblem, the badge of the Albusaidi Dynasty, was placed in the canton. This depicts crossed swords over a khanjar, a traditional curved dagger. Oman
36%
Because the shahada is considered holy, the flag is not normally used on T-shirts or other items. Saudi Arabia
36%
The flag is the national flag with the most points on a star, at 24. Marshall Islands
20%
No matching quizzes found
Score Distribution
Percent of People with Each Score
Percentile by Number Answered
Your Score History
You have not taken this quiz